| 000 | 00926nam a2200253 i 4500 | ||
|---|---|---|---|
| 001 | bg | ||
| 245 | 0 | 0 |
_aFinansowe aspekty rozwoju przedsiębiorstw we współczesnej gospodarce / _cpod red. Anny Bagieńskiej i Barbary Wojsznis. |
| 260 |
_aBiałystok : _bWydawnictwo Politechniki Białostockiej, _c2008. |
||
| 300 |
_a209 s. : _bil. ; _c23 cm. |
||
| 490 | 1 |
_aRozprawy Naukowe / Politechnika Białostocka, _x0867-096X ; _vnr 160 |
|
| 504 | _aBibliogr. przy rozdz. | ||
| 546 | _aStreszcz. ang. przy rozdz. | ||
| 650 | 9 |
_aPrzedsiębiorstwo _xfinanse _zPolska _yod 1989 r. |
|
| 700 | 1 |
_aBagieńska, Anna. _eRed. |
|
| 700 | 1 |
_aWojsznis, Barbara. _eRed. |
|
| 830 | 0 |
_aRozprawy Naukowe - Politechnika Białostocka, _x0867-096X ; _vnr 160 |
|
| 015 | _aPB 13165/2009 | ||
| 040 | _cBPK | ||
| 041 | 0 |
_apol _beng |
|
| 044 | _aPOL | ||
| 080 | _a658.14/.17(438)"1989/..." | ||
| 942 | _cKS | ||
| 008 | 090520s2008 pl a f |000 0 pol | ||
| 999 |
_c56635 _d56635 |
||
| 856 |
_uhttp://koha.tu.koszalin.pl/cgi-bin/koha/opac-detail.pl?biblionumber=56635 _yKatalog online BPK |
||